Chaîne de personnalités en images #1 - Statistiques

Statistiques générales
  • Ce quiz a été pris 1 122 fois
  • Le résultat moyen est 11 sur 16
Statistiques - réponses
Par images Réponse % Correct
Donald Trump
99%
Leonardo DiCaprio
98%
Vladimir Poutine
98%
Kylian Mbappé
97%
Gérard Depardieu
93%
Elisabeth II
90%
Kim Kardashian
84%
Marion Cotillard
80%
Kim Jong-Un
76%
Pelé
76%
Albert II de Monaco
63%
Alfred Hitchcock
50%
Catherine Deneuve
45%
Stéphanie de Monaco
42%
Grace Kelly
29%
François Truffaut
16%
Aucun quiz correspondant
Distribution des résultats
% des personnes avec chaque résultat
Percentile par nombre de réponses
Votre historique - résultats
Vous n’avez pas pris ce quiz